Environmental and consumer health protection programs.

Bibliographic Details
Corporate Author: Texas. Department of Health
Format: Government Document Book
Language:English
Published: Austin, Tex. : Texas Dept. of Health, [1988]
Subjects:

MARC

Tag First Indicator Second Indicator Subfields
LEADER 00000cam a2200000 a 4500
001 in00001069473
005 20150929095727.0
008 881027s1988 txu s00010 eng d
035 |a (OCoLC)18674333 
035 |9 AFN6286AM 
040 |a IKM  |c IKM  |d UtOrBLW 
049 |a IKMd 
086 |a H600.1 En89co 1988  |2 txdocs 
099 9 |a H600.1  |a En89co  |a 1988 
110 1 |a Texas.  |b Department of Health. 
245 1 0 |a Environmental and consumer health protection programs. 
264 1 |a Austin, Tex. :  |b Texas Dept. of Health,  |c [1988] 
300 |a 12 pages :  |b illustrations ;  |c 22 x 9 cm. 
336 |a text  |b txt  |2 rdacontent 
337 |a unmediated  |b n  |2 rdamedia 
338 |a volume  |b nc  |2 rdacarrier 
500 |a Cover title. 
500 |a "4-88." 
610 1 0 |a Texas.  |b Department of Health. 
650 0 |a Environmental health  |z Texas. 
650 0 |a Public health  |z Texas. 
999 |a MARS 
999 f f |s a36c8d11-104a-3bfc-a0d9-5257a489eb32  |i 96b7ea1d-6157-3e79-a8e4-6dab37f768d0  |t 0 
952 f f |p normal  |a Texas A&M University  |b College Station  |c Sterling C. Evans Library  |d Evans: Texas Documents (Annex 5th floor)  |t 0  |e H600.1 En89co 1988  |h Superintendent of Documents classification  |i unmediated -- volume  |m A14815186868 
998 f f |a H600.1 En89co 1988  |t 0  |l Evans: Texas Documents (Annex 5th floor)